000 00702nam a2200289Ia 4500
005 20260324144216.0
008 008 260324s9999 xx 000 0 eng d
020 _a9780203167861
037 _aEBOOK
040 _aCRL
040 _beng
040 _cCRL
041 _2eng
041 _aeng
084 _qCRL
100 _aMerton Christensen; Kathleen Coburn
_91218475
245 4 _aThe Notebooks of Samuel Taylor Coleridge
245 0 _bNotebooks 1819-1826
260 _bTaylor and Francis
260 _c1989
365 _a
365 _b82.95
856 _uhttp://www.taylorfrancis.com/books/9780203167861
942 _cEBOOK
999 _c1824809
_d1824809